Muzharul Islam : architect /

Bibliographic Details
Other Authors: Ali, Zainab Faruqui, Mallick, Fuad H.
Format: Book
Language:English
Published: Dhaka : BRAC University Press, 2011.
Subjects:
Classic Catalogue: View this record in Classic Catalogue
LEADER 02138nam a2200301 a 4500
001 00024809
003 BD-DhAAL
008 120325s2011 bg a 000 0 eng d
020 |a 9789843332783 
040 |a BD-DhAAL  |c BD-DhAAL 
082 0 0 |a 720.95492  |2 22 
245 0 0 |a Muzharul Islam :  |b architect /  |c Editors, Zainab Faruqui Ali and Fuad H Mallick 
260 |a Dhaka :  |b BRAC University Press,   |c 2011. 
300 |a 188 pages :  |b ill. ;  |c 26 cm. 
541 1 |a Donated by Professor Syed Mahfuzul Aziz (Former Pro Vice-Chancellor of BRAC University)  |e 00024809,44333 
600 |a Islam, Muzharul.  |9 29139 
650 0 |a Architecture, Modern  |y 20th century  |z Bangladesh.  |9 25033 
650 0 |a Architecture. 
700 1 |a Ali, Zainab Faruqui.  |9 58071 
700 1 |a Mallick, Fuad H. 
852 1 |a Ayesha Abed Library  |j General shelf 
942 0 0 |0 2  |2 ddc  |c BK 
999 |c 12024  |d 12024 
952 |0 0  |1 0  |2 ddc  |4 0  |6 720_954920000000000_MUZ  |7 0  |9 19782  |a BRACUL  |b BRACUL  |c GEN  |d 2012-03-25  |e BRACU Publication  |g 1800.00  |l 15  |m 140  |o 720.95492 MUZ  |p 3010024809  |r 2026-04-26  |s 2026-04-19  |t 1  |w 2012-03-25  |y BK 
952 |0 0  |1 2  |2 ddc  |3 Need to change call number within the book ; After returning the book, please send it to cataloguing team.  |4 0  |6 720_954920000000000_MUZ  |7 0  |9 19783  |a BRACUL  |b BRACUL  |c GEN  |d 2012-03-25  |e BRACU Publication  |l 7  |m 67  |o 720.95492 MUZ  |p 3010024810  |q 2018-12-10  |r 2016-10-20  |s 2016-10-20  |t 2  |w 2012-03-25  |y BK 
952 |0 0  |1 0  |2 ddc  |4 0  |6 720_954920000000000_MUZ  |7 0  |9 19784  |a BRACUL  |b BRACUL  |c GEN  |d 2012-03-25  |e BRACU Publication  |l 18  |m 124  |o 720.95492 MUZ  |p 3010024811  |r 2026-04-30  |s 2026-04-19  |t 3  |w 2012-03-25  |y BK 
952 |0 0  |1 0  |2 ddc  |4 0  |6 720_954920000000000_MUZ  |7 0  |9 19785  |a BRACUL  |b BRACUL  |c GEN  |d 2012-03-25  |e BRACU Publication  |l 22  |m 143  |o 720.95492 MUZ  |p 3010024812  |q 2026-04-26  |r 2026-04-19  |s 2026-04-19  |t 4  |w 2012-03-25  |y BK 
952 |0 0  |1 0  |2 ddc  |4 0  |6 720_954920000000000_MUZ  |7 0  |9 77601  |a BRACUL  |b BRACUL  |c GEN  |d 2025-04-21  |e Donated by Professor Syed Mahfuzul Aziz (Former Pro Vice-Chancellor of BRAC University)  |l 1  |m 30  |o 720.95492 MUZ  |p 3010044333  |q 2026-05-06  |r 2025-07-07  |s 2025-07-07  |t 5  |w 2025-04-21  |y BK  |x Donated by Professor Syed Mahfuzul Aziz (Former Pro Vice-Chancellor of BRAC University)